| 000 | 00578nam a2200193Ia 4500 | ||
|---|---|---|---|
| 003 | OSt | ||
| 005 | 20200918123855.0 | ||
| 008 | 190216s9999||||xx |||||||||||||| ||und|| | ||
| 020 | _a9780074636312 | ||
| 040 | _coclc | ||
| 082 |
_a621.47 _bGAR/S |
||
| 100 |
_aGarg, H P _94744 |
||
| 245 | 0 |
_aSolar Energy Fundamentals And Applications / _cH P Garg ; J Prakash |
|
| 250 | _a1st Ed. | ||
| 260 |
_bTata Mcgraw-Hill Education Private Limited, _c2010. _aNew Delhi: |
||
| 300 | _a434p | ||
| 650 | _aPhysics | ||
| 942 |
_cBK _2ddc _h621.47 _iGAR/S _k621.47 _mGAR/S |
||
| 999 |
_c34368 _d34368 |
||